<?xml version="1.0" encoding="UTF-8"?>
<marc:record xmlns:marc="http://www.loc.gov/MARC21/slim">
   <marc:leader>00000nam a2200000 a 4500</marc:leader>
   <marc:datafield ind1="1" ind2=" " tag="100">
      <marc:subfield code="a">Hofmann, Corinne</marc:subfield>
      <marc:subfield code="4">aut</marc:subfield>
      <marc:subfield code="e">Verfasser/-in</marc:subfield>
   </marc:datafield>
   <marc:datafield ind1=" " ind2=" " tag="653">
      <marc:subfield code="a">Afrika</marc:subfield>
   </marc:datafield>
   <marc:datafield ind1=" " ind2=" " tag="653">
      <marc:subfield code="a">Kenia</marc:subfield>
   </marc:datafield>
   <marc:datafield ind1=" " ind2=" " tag="653">
      <marc:subfield code="a">Massai</marc:subfield>
   </marc:datafield>
   <marc:datafield ind1="0" ind2="0" tag="245">
      <marc:subfield code="a">Weiße Massai, Die</marc:subfield>
   </marc:datafield>
   <marc:datafield ind1=" " ind2="1" tag="264">
      <marc:subfield code="b">Droemer-Knaur</marc:subfield>
      <marc:subfield code="c">2000</marc:subfield>
   </marc:datafield>
   <marc:datafield ind1="1" ind2=" " tag="520">
      <marc:subfield code="a">Auf einer Urlaubsreise durch Kenia begegnet Corinne Hofmann dem Massai Krieger Lketinga und verliebt sich auf den ersten Blick in ihn. Sie verlässt Ihren Lebensgefährten, zieht in den kenianischen Busch zu den Masssai und heiratet Lktinga. Abenteuerliche Jahre folgen, Jahre der Liebe, aber auch des Verzichts und wachsender Probleme: Die Verständigung ist schwierig, die Ernährung ungewohnt,  das Rollenverständnis völlig anders. Als ihre Tochter Napirai geboren wird, schein sich doch noch alles zum Guten zu wenden ...</marc:subfield>
   </marc:datafield>
   <marc:datafield ind1="3" ind2=" " tag="024">
      <marc:subfield code="a">9783426614969</marc:subfield>
   </marc:datafield>
</marc:record>
